Catalog

Record Details

Catalog Search



L.N. Tolstoj  Cover Image Book Book

L.N. Tolstoj / Pavel Nešpor

Record details

  • Physical Description: 193 stran : ilustrace, portréty ; 19 cm
  • Edition: 1. vydání
  • Publisher: Praha : Orbis, 1971

Content descriptions

General Note:
Rejstřík
Bibliography, etc. Note:
Obsahuje bibliografii
Subject: Tolstoj, Lev Nikolajevič, 1828-1910

Available copies

  • 1 of 1 copy available at Common Catalog SPOK.

Holds

  • 0 current holds with 1 total copy.
Show Only Available Copies
Location Call Number / Copy Notes Barcode Shelving Location Status Due Date
Jabok Library VO-1.2.1/T 424480017248 Odborná literatura Available -

LDR 01787cam a22005537i 4500
0016095
003CZ-PrJAB
00520160804060406.0
007ta
008960319s1971 xr ac f 001 0bcze|d
015 . ‡acnb000429091
035 . ‡a(CZ PrSKC)000279435
035 . ‡a(OCoLC)19089557
040 . ‡aABD005 ‡bcze ‡cABD005 ‡dABD005 ‡dABD001 ‡erda
072 7. ‡a929 ‡xBiografie ‡2Konspekt ‡98
1001 . ‡aNešpor, Pavel, ‡d1922-1984 ‡7jk01083257 ‡4aut
24010. ‡aL.N. Tolstoj
24510. ‡aL.N. Tolstoj / ‡cPavel Nešpor
250 . ‡a1. vydání
264 1. ‡aPraha : ‡bOrbis, ‡c1971
300 . ‡a193 stran : ‡bilustrace, portréty ; ‡c19 cm
336 . ‡atext ‡btxt ‡2rdacontent
337 . ‡abez média ‡bn ‡2rdamedia
338 . ‡asvazek ‡bnc ‡2rdacarrier
4901 . ‡aPortréty ; ‡vsvazek 42
500 . ‡aRejstřík
504 . ‡aObsahuje bibliografii
60017. ‡aTolstoj, Lev Nikolajevič, ‡d1828-1910 ‡7jn19981002230 ‡2czenas
830 0. ‡aPortréty (Orbis)
910 . ‡aABG312
901 . ‡a6095 ‡bUnknown ‡c6095 ‡tbiblio

Additional Resources